000
00251nam a22001217a 4500
008
190205b xxu||||| |||| 00| 0 eng d
041
_a
eng
080
_a
710
100
_a
45
101
_a
ART
245
_a
The Movies
_c
Griffith, R
942
_2
udc
_c
BK
999
_c
54080
_d
54080